| 000 | 01199nam a2200313 a 4500 | ||
|---|---|---|---|
| 999 |
_c156956 _d156956 |
||
| 003 | BLK | ||
| 005 | 20240925005446.0 | ||
| 008 | 180410b bul|||||r ||||||| ||bul|| | ||
| 010 | _aKNG00163835000 | ||
| 040 | _aBLK | ||
| 041 |
_aBUL _cBUL |
||
| 080 |
_aБългарска литература _b821.163.2 _x-1 _z821.163.2-1 |
||
| 100 |
_aПетров, Валери _d1920 - 2014 _qМеворах, Валери Нисим _9363347 |
||
| 139 |
_aПетров, Валери _bП 47 |
||
| 245 | 1 | 0 |
_aДъжд вали - слънце грее _bСтихотворения _cВалери Петров; * Валери Нисим Меворах. |
| 257 | _aBGR | ||
| 260 |
_aСофия _bБълг. писател _c1967 |
||
| 300 |
_a88 с. _c25 см |
||
| 380 | _aX | ||
| 500 | _aИстинското име на авт. е Валери Нисим Меворах. - 3 100 тир. | ||
| 653 | _aстихотворения | ||
| 700 | 1 |
_aМеворах, Валери Нисим _e* _9367575 |
|
| 852 |
_aЦб 43634 _bЦб |
||
| 856 | 4 | _qpdf | |
| 856 | 4 | _qpdf | |
| 942 |
_cKNG _n0 _02 _s1 |
||
| 944 |
_aCR _c28.07.2014 _lCRON CRON _k |
||
| 944 |
_aED _c28.07.2014 _l28.07.2014 - от С1,Р / 28.07.2014 |
||